Understanding Henri Lefebvre : theory and the possible (Record no. 306892)

MARC details
000 -LEADER
fixed length control field 00631nam a2200205Ia 4500
008 - FIXED-LENGTH DATA ELEMENTS--GENERAL INFORMATION
fixed length control field 191130s2004##################000#0#eng##
020 ## - INTERNATIONAL STANDARD BOOK NUMBER
ISBN 9780826470027
082 ## - DEWEY DECIMAL CLASSIFICATION NUMBER
Classification number 301.092 ELD
100 ## - MAIN ENTRY--AUTHOR NAME
Personal name Elden, Stuart
245 ## - TITLE STATEMENT
Title Understanding Henri Lefebvre : theory and the possible
Statement of responsibility, etc Stuart Elden
260 ## - PUBLICATION, DISTRIBUTION, ETC. (IMPRINT)
Place of publication New York
Name of publisher Continuum
Year of publication c2004
300 ## - PHYSICAL DESCRIPTION
Number of Pages vi, 265 p. ; 24 cm
500 ## - GENERAL NOTE
General note Includes bibliographical references and index
650 ## - SUBJECT ADDED ENTRY--TOPICAL TERM
Topical Term Lefebvre, Henri, 1901-1991
Topical Term Social sciences - Philosophy
991 ## -
-- 251405
Holdings
Withdrawn status Lost status Damaged status Not for loan Home library Current library Shelving location Date acquired Full call number Accession Number Price effective from Koha item type
        Anna Centenary Library Anna Centenary Library 3RD FLOOR, B WING 15.10.2020 301.092 ELD 324082 15.10.2020 English Books

Find us on the map